000 00763nam a22002177a 4500
999 _c4125
_d4125
003 AR-CdUCM
008 190308b ||||| |||| 00| 0 spa d
040 _aMUNICIPALIDAD PROVINCIAL DEL CUSCO
_cBIBLIOTECA MUNICIPAL DEL CUSCO
082 _a782.29 /
_bI56
110 _aInstituto Coral Inti
_913072
245 _aMúsica Coral Cusqueña /
260 _aPerú :
_bInstituto Coral Inti
_c1982.
300 _a35 páginas ;
_c21.5 cm.
505 _aContenido : Qollanan Maria , Flor de Maria, Serranita, Capuliñawi Cusqueñita, Valicha, Marinera I Wayino del Cusco...
650 _aWaynos Cusqueños
_913073
650 _aMúsica Cusqueña
_913074
650 _aMúsica Coral
_913075
650 _aFolklor Cusqueño
_913076
942 _2ddc
_cLIBROS
945 _artm